| 000 -ლიდერი |
| ფიქსირებული სიგრძის საკონტროლო ველი |
00910nam a22001817a 4500 |
| 003 - საკონტროლო ნომრის იდენტიფიკატორი |
| საკონტროლო ველი |
Ge_BSU |
| 005 - ბოლო ოპერაციის თარიღი და დრო |
| საკონტროლო ველი |
20230428152136.0 |
| 008 - ფიქსირებული სიგრძის მონაცემთა ელემენტები - ზოგადი ინფორმაცია |
| ფიქსირებული სიგრძის საკონტროლო ველი |
230428s1974 ge ||||| |||| 00| 0 geo d |
| 041 ## - ენის კოდი |
| Language code of text/sound track or separate title |
geo |
| 080 ## - უნივერსალური ათობითი კლასიფიკაციის ინდექსი |
| Universal Decimal Classification number |
726:27-523.4(=353.1)(470) პ-14 |
| 100 ## - მთავარი ჩანაწერი - პიროვნების სახელი |
| Personal name |
პაიჭაძე, გ. |
| 9 (RLIN) |
1628 |
| 245 ## - ცნობა სათაურის შესახებ |
| Title |
ქართული ისტორიული ძეგლები ქალაქ ასტრახანში / |
| Statement of responsibility, etc |
გ. პაიჭაძე, ვ. ჯაფარიძე ; საქართველოს საისტორიო საზ-ბა. |
| 264 ## - წარმოების, გამოცემის, დისტრიბუციის და სხვა ცნობები |
| გამოცემის, წარმოების, დისტრიბუციის... ადგილი |
თბილისი : |
| გამოცემის, წარმოების, დისტრიბუციის... სახელწოდება |
[მეცნიერება], |
| გამოცემის, წარმოების, დისტრიბუციის... თარიღი |
1974. |
| 300 ## - ფიზიკური აღწერა |
| Extent |
55 გვ. : |
| Other physical details |
7 ფ. ილ. |
| Dimensions |
22 სმ. |
| 653 ## - INDEX TERM--UNCONTROLLED |
| Uncontrolled term |
ქართული ეკლესია-მონასტრები რუსეთში |
| 700 ## - ADDED ENTRY--PERSONAL NAME |
| Personal name |
ჯაფარიძე, ვ., |
| Relator term |
ავტორი |
| 9 (RLIN) |
17858 |
| 942 ## - ADDED ENTRY ELEMENTS (KOHA) |
| Source of classification or shelving scheme |
|
| Koha item type |
წიგნი |